Tilastot visalle Jyväskylän MM-rallin eri nimet

Klikkaa tästä pelataksesi tätä visaa!

Yleistilastot

  • Tätä visaa on pelattu 23 kertaa
  • Keskiarvotulos 3 / 8

Vastaustilastot

HintVastaus% Oikein
1951-Jyväskylän Suurajot
82%
1994-2004Neste Rally Finland
76%
2021-Secto Rally Finland
59%
1980-l.1000 Lakes Rally
35%
2005-2014Neste Oil Rally Finland
29%
yleiskielessä
mm.
Jyväskylän MM-ralli
Suomen ralli
24%
1980-l.Rally of the Thousand Lakes
24%
2015-2020Neste Rally Finland
12%

Tulosjakauma

Persentiili vastausten määrän mukaan

Jokaisen tuloksen saaneiden osuus

Tuloshistoriasi

Et ole pelannut tätä visaa